Central Library OPAC University of Rajshahi

ميزان العمله mizan al amalih / (Record no. 81043)

MARC details
000 -LEADER
fixed length control field 00711nam a2200205 4500
003 - CONTROL NUMBER IDENTIFIER
rucl marc code BD-RjUL
005 - DATE AND TIME OF LATEST TRANSACTION
control field 20230111103210.0
008 - FIXED-LENGTH DATA ELEMENTS--GENERAL INFORMATION
fixed length control field 230111s1964 u ||||| |||| 00| 0 ara d
035 ## - SYSTEM CONTROL NUMBER
System control number (BD-RjUL)
040 ## - CATALOGING SOURCE
Original cataloging agency BD-RjUL
Language of cataloging eng
Transcribing agency BD-RjUL
041 ## - LANGUAGE CODE
Language code of text/sound track or separate title ara
082 ## - DEWEY DECIMAL CLASSIFICATION NUMBER
Edition number 23
Classification number 181.947
Author mark and year GHM 1964
100 ## - MAIN ENTRY--PERSONAL NAME
Personal name alghazaliu
9 (RLIN) 6507
245 10 - TITLE STATEMENT
Title ميزان العمله mizan al amalih /
Statement of responsibility, etc. الغزالي , حققه وقدم له سليمان دنيا ; alghazaliu , haqaqah waqadam lah sulayman dunya
260 ## - PUBLICATION, DISTRIBUTION, ETC. (IMPRINT)
Place of publication, distribution, etc. Misr :
Name of publisher, distributor, etc. دار المعارف dar almaearif ,
Date of publication, distribution, etc. 1964
300 ## - PHYSICAL DESCRIPTION
Pagination 475 p. ;
Size 23 cm
490 ## - SERIES STATEMENT
Series statement ذخائر العرب ٣٨
830 ## - SERIES ADDED ENTRY--UNIFORM TITLE
Uniform title ذخائر العرب ٣٨
942 ## - ADDED ENTRY ELEMENTS (KOHA)
Source of classification or shelving scheme Dewey Decimal Classification
Koha item type Books
Holdings
Lost status Source of classification or shelving scheme Damaged status Not for loan Collection code Permanent Location Current Location Shelving location Date acquired Source of acquisition Cost, normal purchase price Total Checkouts Full call number Date last seen Copy number Koha item type
  Dewey Decimal Classification   Not For Loan Non-fiction Central Library, University of Rajshahi Central Library, University of Rajshahi Reading Room 12/09/1968 Zeitlinger 51.00   A 181.947 GHM 1964 11/01/2023 C-1 Books